000 00691nam a22001937i 4500
001 165298
003 ES-MaACL
005 20250716062537.0
008 050906s1854 fr af | |||||||| ||fre d
040 _aCAM
_bspa
_cCAM
100 1 _aShakespeare, William,
_d1564-1616
_9105992
245 1 0 _aOeuvres complètes de Shakespeare.
260 _aParis :
_bCharpentier,
_c1854 (
_fImprimerie de Ve. Dondey-Dupré)
300 _a6 v., lám ;
_c18 cm.
500 _aDatos tomados de BN-Opale plus.
599 _aLas h. de lám. lit., al principio de cada obra.
852 _aES-MaACL
_jF-8817-18
_z-- Enc. hol.
_q-- Contiene únicamente los T. III y VI, faltos de port.?
999 _c165298
_d165298